000 00871nam a2200277Ia 4500
003 OSt
005 20220927115027.0
006 a|||||r|||| 00| 0
007 ta
008 220926b |||||||| |||| 00| 0 eng d
024 _a105434
037 _cThesis and Dissertations
040 _aRTL
_cRTL
_beng
041 _2eng
_aeng
082 _a"Y70gX9:75, K5"
100 _aHunter Guy Ed.
_9390073
110 _a"Issued under the Institute of Race Relations ,London"
_9390074
245 0 _aIndustrialisation and race relations
_b A symposium
260 _aLondon
_bOxford University Press UK
_c1965
300 _a285P.
_ccm.
500 _aIndex:P271-85
650 _aRace
700 _a"Issued under the Institute of Race Relations ,London"
_9390075
942 _h"Y70gX9:75, K5"
_cCC
999 _c705453
_d705453